Nový smer dediny okresné roľnícke noviny okresu Revúca

Bibliographic Details
New Title:Zora Gemera
Format: Journal
Language:Slovak
Hungarian
PhysicalDescription:7 zv. 31-43 cm
Published: Revúca ONV v Revúcej 1954-1960
Subjects:

MARC

LEADER 00000cas a2200000 a 4500
001 vtls010301834
003 SK-MaSNL
005 20260228161637.0
008 110810d19541960xo wr|p 0 b0slo
040 |a SNK  |b slo  |c SNK  |e AACR2 
041 0 |a slo  |a hun 
043 |a e-xo--- 
044 |a xo  |c SK 
072 7 |a 63  |x Poľnohospodárstvo a príbuzné oblasti vedy a techniky  |2 konspekt 
080 |a 63  |2 2001 
080 |a 050  |2 2001 
080 |a 63-051  |2 2001 
245 0 0 |a Nový smer dediny  |b okresné roľnícke noviny okresu Revúca 
260 |a Revúca  |b ONV v Revúcej  |c 1954-1960 
300 |a 7 zv.  |c 31-43 cm 
310 |a 1x týždenne  |b 11/1954-1960 
321 |a 26x ročne  |b 2/1954-10/1954 
362 0 |a Roč. III, č. 2 (1954)-roč. IX, č. 3 (1960) 
500 |a Zmena podnázvu od č. 7/1959: roľnícke noviny Revúckeho okresu 
500 |a Redaktori sa menia 
500 |a Vyd. ONV v Revúcej 
500 |a Tlač. Košické tlačiarne, n. p., zákl. záv. v Košiciach, od č. 14/1958 Východoslov. tlačiarne, n. p. v Košiciach 
500 |a Prvé dva ročníky vychádzali rozmnožované cyklostylom ako obežník, v tlačenej podobe od č. 2/1954 
500 |a Povolenie PIO č. 589/53 
500 |a Povolenie PIO č. 9-1968/54-II. 
500 |a Od č. 11/1954 rozmer zv. 43 cm 
546 |a Čiast. text aj maď. 
610 1 7 |a Revúca (Slovensko).  |b Okresný národný výbor  |2 SNKKA  |9 215999 
650 0 7 |a poľnohospodárstvo  |2 SNKPH  |9 679 
650 0 7 |a poľnohospodári  |2 SNKPH  |9 17080 
655 7 |a regionálne periodiká  |2 SNKPH  |9 131775 
785 0 0 |t Zora Gemera  |w vtls008948535 
910 |a snk 
916 |a 1954-1959 
958 |a OND 
999 |c 5850  |d 7780 
952 |0 0  |1 0  |4 0  |7 0  |8 0  |a SNK  |b SNK  |d 1999-11-09  |f 1  |i snkČSP 982/57  |l 0  |o snkČSB 1450/4/1955  |p 17A0217566  |r 2005-01-02 00:00:00  |t č. 1-46, neúplné  |w 2026-02-21  |y PREZ  |z chýba č. 37 
952 |0 0  |1 0  |4 0  |7 0  |a SNK  |b SNK  |d 2007-11-21  |f 1  |i snkČSP 1075/60  |l 0  |o snkČSB 1450/8/1959  |p 17A0568488  |r 2026-02-21 20:21:02  |t č. 1-41  |w 2026-02-21  |y PREZ 
952 |0 0  |1 0  |4 0  |7 0  |a SNK  |b SNK  |d 1998-05-21  |f 1  |i snkČSP 396/60  |l 0  |o snkČSB 1450/7/1958  |p 17A0142470  |r 2005-01-02 00:00:00  |t č. 1-39, neúplné  |w 2026-02-21  |y PREZ  |z chýba č. 30 
952 |0 0  |1 0  |4 0  |7 0  |a SNK  |b SNK  |d 2015-04-30  |f 1  |i snkII. 2324/55  |l 0  |o snkČSB 1450/3/1954  |p 17A0750824  |r 2026-02-21 21:26:16  |t č. 2-36  |w 2026-02-21  |y PREZ 
952 |0 0  |1 0  |4 0  |7 0  |a SNK  |b SNK  |d 2015-04-30  |f 1  |i snkČSP 992/57  |l 0  |o snkČSB 1450/5/1956  |p 17A0750823  |r 2026-02-21 21:26:23  |t č. 1-51  |w 2026-02-21  |y PREZ  |z chybné číslovanie: č. 7-8 je 2x s rôznymi dátumami 
952 |0 0  |1 0  |4 0  |7 0  |a SNK  |b SNK  |d 2015-04-30  |f 1  |i snkČSP 403/58  |l 0  |o snkČSB 1450/6/1957  |p 17A0750822  |r 2026-02-21 21:26:23  |t č. 1-38  |w 2026-02-21  |y PREZ